Χαρτογράφηση βιοκληματικών δεικτών στον Ελληνικό χώρο με χρήση γεωφραφικών πληροφοριακών συστημάτων : πτυχιακή εργασία
Αποθηκεύτηκε σε:
| Κύριος συγγραφέας: | |
|---|---|
| Συγγραφή απο Οργανισμό/Αρχή: | |
| Άλλοι συγγραφείς: | |
| Μορφή: | Thesis Βιβλίο |
| Γλώσσα: | Greek |
| Δημοσίευση: |
Μυτιλήνη :
Πανεπιστήμιο Αιγαίου, Τμήμα Γεωγραφίας,
2005
|
| Θέματα: | |
| Ετικέτες: |
Προσθήκη ετικέτας
Δεν υπάρχουν, Καταχωρήστε ετικέτα πρώτοι!
|
MARC
| LEADER | 00000cam a2200000 i 4500 | ||
|---|---|---|---|
| 001 | 1/20043 | ||
| 008 | 051128s2005 gre d | ||
| 035 | |l 10081513 | ||
| 040 | |a GR-MY-UA |b gre |e aacr | ||
| 041 | 0 | |a gre | |
| 082 | 0 | |a 577.22 |2 (22) | |
| 100 | 1 | |a Κολιού, Αγγελική. | |
| 245 | 1 | 0 | |a Χαρτογράφηση βιοκληματικών δεικτών στον Ελληνικό χώρο με χρήση γεωφραφικών πληροφοριακών συστημάτων : |b πτυχιακή εργασία / |c Αγγελική Κολιού ; υπεύθυνος καθηγητής Χ. Φείδας |
| 260 | |a Μυτιλήνη : |b Πανεπιστήμιο Αιγαίου, Τμήμα Γεωγραφίας, |c 2005 | ||
| 300 | |a 67 σ.; |b χάρτες; |c 30 εκ. | ||
| 500 | |a Μέλη εξεταστικής επιτροπής: Καλαμποκίδης Κ., Σουλακέλλης Ν. | ||
| 502 | # | # | |a Πτυχιακή εργασία – Πανεπιστήμιο Αιγαίου, Λέσβος, 2005. |
| 504 | |a Βιβλιογραφία: σ. 67 | ||
| 650 | 0 | 0 | |a Climatology |z Greece |x Maps. |
| 650 | 0 | 0 | |a Meteorology |z Greece. |
| 650 | 0 | 0 | |a Bioclimatology. |
| 650 | 0 | 0 | |a Biogeography |x Climatic factors. |
| 650 | 0 | 0 | |a Meteorology |x Geographic information systems. |
| 650 | 0 | 0 | |a Geographic information systems |x Case studies. |
| 650 | 0 | 0 | |a Dissertations, Academic |z Greece. |
| 651 | 0 | |a Greece |x Climate. | |
| 700 | 1 | |a Φείδας, Χαράλαμπος. |4 ths | |
| 710 | 2 | |a Πανεπιστήμιο Αιγαίου. |b Σχολή Κοινωνικών Επιστημών. |b Τμήμα Γεωγραφίας. | |
| 852 | |a INST |b LESVOS |c DIATR |e 20051128 |h 307 |p 005100033643 |q 005100033643 |t DIE |y 23 | ||
| 852 | |a INST |b LESVOS |c DIATR |e 20051128 |h 308 |p 005100033642 |q 005100033642 |t DIE |y 23 | ||
| 901 | |a BIBL1-2005-3 | ||
| 909 | |a Λ |b 121527 | ||
| 909 | |a Λ |b 121528 | ||
| 924 | |a ΚΟΛΙΟΥ |b ΑΓΓΕΛΙΚΗ |y ΛΕΣΒΟΣ |z 2005-09 | ||
| 970 | |a ΜΑΡΙΝΑΤΟΥ |b ΜΥΡΣΙΝΗ |z 2005/11/28 | ||